All Ireland Players Since 2000 - Statistics

General Stats
  • This quiz has been taken 41 times
  • The average score is 332 of 828
Answer Stats
% Correct
2016 LA Galaxy Robbie Keane
97%
2015 LA Galaxy Robbie Keane
97%
2014 LA Galaxy Robbie Keane
97%
2013 LA Galaxy Robbie Keane
97%
2012 LA Galaxy Robbie Keane
97%
2011 West Ham United Robbie Keane
97%
2010 Celtic Robbie Keane
97%
2009 Tottenham Hotspur Robbie Keane
97%
2008 Tottenham Hotspur Robbie Keane
97%
2007 Tottenham Hotspur Robbie Keane
97%
2005 Tottenham Hotspur Robbie Keane
97%
2004 Tottenham Hotspur Robbie Keane
97%
2003 Tottenham Hotspur Robbie Keane
97%
2002 Leeds United Robbie Keane
97%
2001 Leeds United Robbie Keane
97%
2000 Coventry City Robbie Keane
97%
2005 Manchester United Roy Keane
97%
2004 Manchester United Roy Keane
97%
2002 Manchester United Roy Keane
97%
2001 Manchester United Roy Keane
97%
2000 Manchester United Roy Keane
97%
2023 Wigan Athletic Will Keane
97%
2022 Wigan Athletic Will Keane
97%
2021 Wigan Athletic Will Keane
97%
2023 West Bromwich Albion Dara O'Shea
87%
2022 West Bromwich Albion Dara O'Shea
87%
2021 West Bromwich Albion Dara O'Shea
87%
2020 West Bromwich Albion Dara O'Shea
87%
2018 Sunderland John O'Shea
87%
2017 Sunderland John O'Shea
87%
2016 Sunderland John O'Shea
87%
2015 Sunderland John O'Shea
87%
2014 Sunderland John O'Shea
87%
2013 Sunderland John O'Shea
87%
2012 Sunderland John O'Shea
87%
2011 Manchester United John O'Shea
87%
2010 Manchester United John O'Shea
87%
2009 Manchester United John O'Shea
87%
2008 Manchester United John O'Shea
87%
2007 Manchester United John O'Shea
87%
2006 Manchester United John O'Shea
87%
2005 Manchester United John O'Shea
87%
2004 Manchester United John O'Shea
87%
2003 Manchester United John O'Shea
87%
2002 Manchester United John O'Shea
87%
2001 Manchester United John O'Shea
87%
2023 Everton Seamus Coleman
87%
2022 Everton Seamus Coleman
87%
2021 Everton Seamus Coleman
87%
2020 Everton Seamus Coleman
87%
2019 Everton Seamus Coleman
87%
2018 Everton Seamus Coleman
87%
2017 Everton Seamus Coleman
87%
2016 Everton Seamus Coleman
87%
2015 Everton Seamus Coleman
87%
2014 Everton Seamus Coleman
87%
2013 Everton Seamus Coleman
87%
2012 Everton Seamus Coleman
87%
2011 Everton Seamus Coleman
87%
2012 Fulham Damien Duff
77%
2011 Fulham Damien Duff
77%
2010 Fulham Damien Duff
77%
2009 Newcastle United Damien Duff
77%
2008 Newcastle United Damien Duff
77%
2007 Newcastle United Damien Duff
77%
2006 Chelsea Damien Duff
77%
2005 Chelsea Damien Duff
77%
2004 Chelsea Damien Duff
77%
2003 Chelsea Damien Duff
77%
2002 Blackburn Rovers Damien Duff
77%
2001 Blackburn Rovers Damien Duff
77%
2000 Blackburn Rovers Damien Duff
77%
2016 Stoke City Shay Given
77%
2015 Aston Villa Shay Given
77%
2014 Aston Villa Shay Given
77%
2012 Aston Villa Shay Given
77%
2011 Manchester City Shay Given
77%
2010 Manchester City Shay Given
77%
2009 Manchester City Shay Given
77%
2008 Newcastle United Shay Given
77%
2007 Newcastle United Shay Given
77%
2006 Newcastle United Shay Given
77%
2005 Newcastle United Shay Given
77%
2004 Newcastle United Shay Given
77%
2003 Newcastle United Shay Given
77%
2002 Newcastle United Shay Given
77%
2001 Newcastle United Shay Given
77%
2000 Newcastle United Shay Given
77%
2023 Liverpool Caoimhin Kelleher
73%
2022 Liverpool Caoimhin Kelleher
73%
2021 Liverpool Caoimhin Kelleher
73%
2020 Liverpool Caoimhin Kelleher
73%
2018 Liverpool Caoimhin Kelleher
73%
2005 Norwich City Gary Doherty
67%
2004 Tottenham Hotspur Gary Doherty
67%
2003 Tottenham Hotspur Gary Doherty
67%
2002 Tottenham Hotspur Gary Doherty
67%
2001 Tottenham Hotspur Gary Doherty
67%
2000 Tottenham Hotspur Gary Doherty
67%
2023 Atletico Madrid Matt Doherty
67%
2022 Tottenham Hotspur Matt Doherty
67%
2021 Tottenham Hotspur Matt Doherty
67%
2020 Tottenham Hotspur Matt Doherty
67%
2019 Wolverhampton Wanderers Matt Doherty
67%
2018 Wolverhampton Wanderers Matt Doherty
67%
2017 Wolverhampton Wanderers Matt Doherty
67%
2016 Wolverhampton Wanderers Matt Doherty
67%
2020 Burnley Kevin Long
63%
2019 Burnley Kevin Long
63%
2018 Burnley Kevin Long
63%
2017 Burnley Kevin Long
63%
2021 Bournemouth Shane Long
63%
2020 Southampton Shane Long
63%
2018 Southampton Shane Long
63%
2017 Southampton Shane Long
63%
2016 Southampton Shane Long
63%
2015 Southampton Shane Long
63%
2014 Hull City Shane Long
63%
2013 West Bromwich Albion Shane Long
63%
2012 West Bromwich Albion Shane Long
63%
2011 Reading Shane Long
63%
2010 Reading Shane Long
63%
2009 Reading Shane Long
63%
2008 Reading Shane Long
63%
2007 Reading Shane Long
63%
2023 Brighton & Hove Albion Evan Ferguson
60%
2022 Brighton & Hove Albion Evan Ferguson
60%
2023 Wolverhampton Wanderers Nathan Collins
60%
2022 Burnley Nathan Collins
60%
2021 Burnley Nathan Collins
60%
2017 Preston North End Aiden McGeady
57%
2016 Preston North End Aiden McGeady
57%
2015 Everton Aiden McGeady
57%
2014 Everton Aiden McGeady
57%
2013 Spartak Moscow Aiden McGeady
57%
2012 Spartak Moscow Aiden McGeady
57%
2011 Spartak Moscow Aiden McGeady
57%
2010 Celtic Aiden McGeady
57%
2009 Celtic Aiden McGeady
57%
2008 Celtic Aiden McGeady
57%
2007 Celtic Aiden McGeady
57%
2006 Celtic Aiden McGeady
57%
2005 Celtic Aiden McGeady
57%
2004 Celtic Aiden McGeady
57%
2001 Birmingham City Alan Kelly
57%
2000 Blackburn Rovers Alan Kelly
57%
2002 Leeds United Gary Kelly
57%
2001 Leeds United Gary Kelly
57%
2000 Leeds United Gary Kelly
57%
2023 Southampton Gavin Bazunu
57%
2022 Manchester City Gavin Bazunu
57%
2021 Portsmouth Gavin Bazunu
57%
2021 Cardiff City James Collins
57%
2020 Luton Town James Collins
57%
2019 Luton Town James Collins
57%
2020 Crystal Palace James McCarthy
57%
2017 Everton James McCarthy
57%
2016 Everton James McCarthy
57%
2015 Everton James McCarthy
57%
2014 Everton James McCarthy
57%
2013 Wigan Athletic James McCarthy
57%
2012 Wigan Athletic James McCarthy
57%
2011 Wigan Athletic James McCarthy
57%
2010 Wigan Athletic James McCarthy
57%
2023 Reading Jeff Hendrick
57%
2022 Newcastle United Jeff Hendrick
57%
2021 Newcastle United Jeff Hendrick
57%
2020 Newcastle United Jeff Hendrick
57%
2019 Burnley Jeff Hendrick
57%
2018 Burnley Jeff Hendrick
57%
2017 Burnley Jeff Hendrick
57%
2016 Burnley Jeff Hendrick
57%
2015 Derby County Jeff Hendrick
57%
2014 Derby County Jeff Hendrick
57%
2013 Derby County Jeff Hendrick
57%
2018 Hearts Jimmy Dunne
57%
2023 Sheffield United John Egan
57%
2022 Sheffield United John Egan
57%
2021 Sheffield United John Egan
57%
2020 Sheffield United John Egan
57%
2019 Sheffield United John Egan
57%
2018 Brentford John Egan
57%
2017 Brentford John Egan
57%
2013 Queens Park Rangers Richard Dunne
57%
2012 Aston Villa Richard Dunne
57%
2011 Aston Villa Richard Dunne
57%
2010 Aston Villa Richard Dunne
57%
2009 Manchester City Richard Dunne
57%
2008 Manchester City Richard Dunne
57%
2007 Manchester City Richard Dunne
57%
2006 Manchester City Richard Dunne
57%
2005 Manchester City Richard Dunne
57%
2004 Manchester City Richard Dunne
57%
2003 Manchester City Richard Dunne
57%
2002 Manchester City Richard Dunne
57%
2001 Manchester City Richard Dunne
57%
2000 Everton Richard Dunne
57%
2022 Brighton & Hove Albion Shane Duffy
57%
2021 Brighton & Hove Albion Shane Duffy
57%
2020 Celtic Shane Duffy
57%
2019 Brighton & Hove Albion Shane Duffy
57%
2018 Brighton & Hove Albion Shane Duffy
57%
2017 Brighton & Hove Albion Shane Duffy
57%
2016 Brighton & Hove Albion Shane Duffy
57%
2014 Yeovil Town Shane Duffy
57%
2014 Reading Stephen Kelly
57%
2013 Reading Stephen Kelly
57%
2012 Fulham Stephen Kelly
57%
2011 Fulham Stephen Kelly
57%
2010 Fulham Stephen Kelly
57%
2009 Stoke City Stephen Kelly
57%
2008 Birmingham City Stephen Kelly
57%
2007 Birmingham City Stephen Kelly
57%
2006 Tottenham Hotspur Stephen Kelly
57%
2008 Espanyol Steve Finnan
57%
2007 Liverpool Steve Finnan
57%
2006 Liverpool Steve Finnan
57%
2005 Liverpool Steve Finnan
57%
2004 Liverpool Steve Finnan
57%
2003 Liverpool Steve Finnan
57%
2002 Fulham Steve Finnan
57%
2001 Fulham Steve Finnan
57%
2000 Fulham Steve Finnan
57%
2017 Newcastle United Daryl Murphy
53%
2016 Newcastle United Daryl Murphy
53%
2015 Ipswich Town Daryl Murphy
53%
2014 Ipswich Town Daryl Murphy
53%
2008 Sunderland Daryl Murphy
53%
2007 Sunderland Daryl Murphy
53%
2010 Scunthorpe United Joe Murphy
53%
2003 West Bromwich Albion Joe Murphy
53%
2023 Norwich City Adam Idah
50%
2021 Norwich City Adam Idah
50%
2020 Norwich City Adam Idah
50%
2022 West Bromwich Albion Callum Robinson
50%
2021 West Bromwich Albion Callum Robinson
50%
2020 West Bromwich Albion Callum Robinson
50%
2019 Preston North End Callum Robinson
50%
2018 Preston North End Callum Robinson
50%
2020 West Ham United Darren Randolph
50%
2019 Middlesbrough Darren Randolph
50%
2018 Middlesbrough Darren Randolph
50%
2017 West Ham United Darren Randolph
50%
2016 West Ham United Darren Randolph
50%
2015 West Ham United Darren Randolph
50%
2014 Birmingham City Darren Randolph
50%
2013 Motherwell Darren Randolph
50%
2012 Motherwell Darren Randolph
50%
2008 Carlisle United Peter Murphy
50%
2007 Carlisle United Peter Murphy
50%
2022 Preston North End Robbie Brady
50%
2021 Burnley Robbie Brady
50%
2020 Burnley Robbie Brady
50%
2019 Burnley Robbie Brady
50%
2018 Burnley Robbie Brady
50%
2017 Burnley Robbie Brady
50%
2016 Norwich City Robbie Brady
50%
2015 Hull City Robbie Brady
50%
2014 Hull City Robbie Brady
50%
2013 Hull City Robbie Brady
50%
2012 Manchester United Robbie Brady
50%
2021 Newcastle United Ciaran Clark
47%
2020 Newcastle United Ciaran Clark
47%
2019 Newcastle United Ciaran Clark
47%
2018 Newcastle United Ciaran Clark
47%
2017 Newcastle United Ciaran Clark
47%
2016 Newcastle United Ciaran Clark
47%
2015 Aston Villa Ciaran Clark
47%
2014 Aston Villa Ciaran Clark
47%
2013 Aston Villa Ciaran Clark
47%
2012 Aston Villa Ciaran Clark
47%
2011 Aston Villa Ciaran Clark
47%
2019 Aston Villa Glenn Whelan
47%
2018 Aston Villa Glenn Whelan
47%
2017 Stoke City Glenn Whelan
47%
2016 Stoke City Glenn Whelan
47%
2015 Stoke City Glenn Whelan
47%
2014 Stoke City Glenn Whelan
47%
2013 Stoke City Glenn Whelan
47%
2012 Stoke City Glenn Whelan
47%
2011 Stoke City Glenn Whelan
47%
2010 Stoke City Glenn Whelan
47%
2009 Stoke City Glenn Whelan
47%
2008 Stoke City Glenn Whelan
47%
2023 Wigan Athletic James McClean
47%
2022 Wigan Athletic James McClean
47%
2021 Wigan Athletic James McClean
47%
2020 Stoke City James McClean
47%
2019 Stoke City James McClean
47%
2018 West Bromwich Albion James McClean
47%
2017 West Bromwich Albion James McClean
47%
2016 West Bromwich Albion James McClean
47%
2015 Wigan Athletic James McClean
47%
2014 Wigan Athletic James McClean
47%
2013 Sunderland James McClean
47%
2012 Sunderland James McClean
47%
2023 Bournemouth Mark Travers
47%
2022 Bournemouth Mark Travers
47%
2021 Bournemouth Mark Travers
47%
2020 Bournemouth Mark Travers
47%
2019 Bournemouth Mark Travers
47%
2007 Sheffield United Alan Quinn
43%
2006 Sheffield United Alan Quinn
43%
2004 Sheffield Wednesday Alan Quinn
43%
2003 Sheffield Wednesday Alan Quinn
43%
2000 Coventry City Barry Quinn
43%
2016 Everton Darron Gibson
43%
2015 Everton Darron Gibson
43%
2014 Everton Darron Gibson
43%
2013 Everton Darron Gibson
43%
2012 Everton Darron Gibson
43%
2011 Manchester United Darron Gibson
43%
2010 Manchester United Darron Gibson
43%
2009 Manchester United Darron Gibson
43%
2008 Manchester United Darron Gibson
43%
2007 Manchester United Darron Gibson
43%
2018 Burnley Jonathan Walters
43%
2017 Stoke City Jonathan Walters
43%
2016 Stoke City Jonathan Walters
43%
2015 Stoke City Jonathan Walters
43%
2014 Stoke City Jonathan Walters
43%
2013 Stoke City Jonathan Walters
43%
2012 Stoke City Jonathan Walters
43%
2011 Stoke City Jonathan Walters
43%
2010 Stoke City Jonathan Walters
43%
2002 Sunderland Niall Quinn
43%
2001 Sunderland Niall Quinn
43%
2000 Sunderland Niall Quinn
43%
2016 Reading Stephen Quinn
43%
2015 Hull City Stephen Quinn
43%
2014 Hull City Stephen Quinn
43%
2013 Hull City Stephen Quinn
43%
2023 Preston North End Troy Parrott
43%
2022 Tottenham Hotspur Troy Parrott
43%
2021 Milton Keynes Dons Troy Parrott
43%
2020 Millwall Troy Parrott
43%
2019 Tottenham Hotspur Troy Parrott
43%
2019 Millwall Aiden O'Brien
40%
2018 Millwall Aiden O'Brien
40%
2006 Newcastle United Alan O'Brien
40%
2007 Portsmouth Andy O'Brien
40%
2006 Portsmouth Andy O'Brien
40%
2005 Newcastle United Andy O'Brien
40%
2004 Newcastle United Andy O'Brien
40%
2003 Newcastle United Andy O'Brien
40%
2002 Newcastle United Andy O'Brien
40%
2001 Newcastle United Andy O'Brien
40%
2018 West Ham United Declan Rice
40%
2007 Levante Ian Harte
40%
2006 Levante Ian Harte
40%
2005 Levante Ian Harte
40%
2004 Leeds United Ian Harte
40%
2003 Leeds United Ian Harte
40%
2002 Leeds United Ian Harte
40%
2001 Leeds United Ian Harte
40%
2000 Leeds United Ian Harte
40%
2023 Burnley Josh Cullen
40%
2022 Anderlecht Josh Cullen
40%
2021 Anderlecht Josh Cullen
40%
2020 Anderlecht Josh Cullen
40%
2019 Charlton Athletic Josh Cullen
40%
2011 Huddersfield Town Kevin Kilbane
40%
2010 Hull City Kevin Kilbane
40%
2009 Hull City Kevin Kilbane
40%
2008 Wigan Athletic Kevin Kilbane
40%
2007 Wigan Athletic Kevin Kilbane
40%
2006 Everton Kevin Kilbane
40%
2005 Everton Kevin Kilbane
40%
2004 Everton Kevin Kilbane
40%
2003 Everton Kevin Kilbane
40%
2002 Sunderland Kevin Kilbane
40%
2001 Sunderland Kevin Kilbane
40%
2000 Sunderland Kevin Kilbane
40%
2009 Reading Noel Hunt
40%
2008 Reading Noel Hunt
40%
2012 Wolverhampton Wanderers Stephen Hunt
40%
2011 Wolverhampton Wanderers Stephen Hunt
40%
2010 Wolverhampton Wanderers Stephen Hunt
40%
2009 Reading Stephen Hunt
40%
2007 Reading Stephen Hunt
40%
2002 Aston Villa Steve Staunton
40%
2001 Aston Villa Steve Staunton
40%
2000 Liverpool Steve Staunton
40%
2021 Brighton & Hove Albion Aaron Connolly
37%
2020 Brighton & Hove Albion Aaron Connolly
37%
2019 Brighton & Hove Albion Aaron Connolly
37%
2006 Crystal Palace Clinton Morrison
37%
2005 Birmingham City Clinton Morrison
37%
2004 Birmingham City Clinton Morrison
37%
2003 Birmingham City Clinton Morrison
37%
2002 Birmingham City Clinton Morrison
37%
2001 Crystal Palace Clinton Morrison
37%
2022 Sheffield United Conor Hourihane
37%
2021 Sheffield United Conor Hourihane
37%
2020 Aston Villa Conor Hourihane
37%
2019 Aston Villa Conor Hourihane
37%
2018 Aston Villa Conor Hourihane
37%
2017 Aston Villa Conor Hourihane
37%
2005 Wigan Athletic David Connolly
37%
2003 West Ham United David Connolly
37%
2002 Wimbledon David Connolly
37%
2001 Feyenoord David Connolly
37%
2000 Excelsior David Connolly
37%
2020 Sheffield United David McGoldrick
37%
2019 Sheffield United David McGoldrick
37%
2017 Ipswich Town David McGoldrick
37%
2016 Ipswich Town David McGoldrick
37%
2014 Ipswich Town David McGoldrick
37%
2023 Derby County Jason Knight
37%
2022 Derby County Jason Knight
37%
2021 Derby County Jason Knight
37%
2020 Derby County Jason Knight
37%
2004 Sunderland Jason McAteer
37%
2002 Sunderland Jason McAteer
37%
2001 Blackburn Rovers Jason McAteer
37%
2000 Blackburn Rovers Jason McAteer
37%
2012 West Ham United Joey O'Brien
37%
2007 Manchester City Stephen Ireland
37%
2006 Manchester City Stephen Ireland
37%
2008 Reading Stephent Hunt
37%
2018 Burnley Stephen Ward
37%
2017 Burnley Stephen Ward
37%
2016 Burnley Stephen Ward
37%
2015 Burnley Stephen Ward
37%
2014 Brighton & Hove Albion Stephen Ward
37%
2013 Brighton & Hove Albion Stephen Ward
37%
2012 Wolverhampton Wanderers Stephen Ward
37%
2011 Wolverhampton Wanderers Stephen Ward
37%
2017 Norwich City Wes Hoolahan
37%
2016 Norwich City Wes Hoolahan
37%
2015 Norwich City Wes Hoolahan
37%
2014 Norwich City Wes Hoolahan
37%
2013 Norwich City Wes Hoolahan
37%
2012 Norwich City Wes Hoolahan
37%
2008 Blackpool Wes Hoolahan
37%
2014 Celtic Anthony Stokes
33%
2013 Celtic Anthony Stokes
33%
2011 Celtic Anthony Stokes
33%
2007 Sunderland Anthony Stokes
33%
2016 Millwall David Forde
33%
2015 Millwall David Forde
33%
2014 Millwall David Forde
33%
2013 Millwall David Forde
33%
2012 Millwall David Forde
33%
2011 Millwall David Forde
33%
2022 Sheffield United Enda Stevens
33%
2021 Sheffield United Enda Stevens
33%
2020 Sheffield United Enda Stevens
33%
2019 Sheffield United Enda Stevens
33%
2018 Sheffield United Enda Stevens
33%
2019 Cardiff City Greg Cunningham
33%
2018 Preston North End Greg Cunningham
33%
2013 Bristol City Greg Cunningham
33%
2010 Manchester City Greg Cunningham
33%
2020 Peterborough United Jack Taylor
33%
2023 Dundee United Jamie McGrath
33%
2022 Dundee United Jamie McGrath
33%
2021 St. Mirren Jamie McGrath
33%
2005 Birmingham City Kenny Cunningham
33%
2004 Birmingham City Kenny Cunningham
33%
2003 Birmingham City Kenny Cunningham
33%
2002 Wimbledon Kenny Cunningham
33%
2001 Wimbledon Kenny Cunningham
33%
2000 Wimbledon Kenny Cunningham
33%
2019 Sheffield Wednesday Kieren Westwood
33%
2017 Sheffield Wednesday Kieren Westwood
33%
2016 Sheffield Wednesday Kieren Westwood
33%
2015 Sheffield Wednesday Kieren Westwood
33%
2013 Sunderland Kieren Westwood
33%
2012 Sunderland Kieren Westwood
33%
2011 Coventry City Kieren Westwood
33%
2010 Coventry City Kieren Westwood
33%
2009 Coventry City Kieren Westwood
33%
2016 Bournemouth Marc Wilson
33%
2015 Stoke City Marc Wilson
33%
2014 Stoke City Marc Wilson
33%
2013 Stoke City Marc Wilson
33%
2012 Stoke City Marc Wilson
33%
2011 Stoke City Marc Wilson
33%
2023 Vitoria Guimaraes Michael Johnston
33%
2017 Reading Paul McShane
33%
2016 Reading Paul McShane
33%
2015 Reading Paul McShane
33%
2013 Hull City Paul McShane
33%
2012 Hull City Paul McShane
33%
2011 Hull City Paul McShane
33%
2010 Hull City Paul McShane
33%
2009 Sunderland Paul McShane
33%
2008 Hull City Paul McShane
33%
2007 West Bromwich Albion Paul McShane
33%
2006 West Bromwich Albion Paul McShane
33%
2007 Newcastle United Stephen Carr
33%
2006 Newcastle United Stephen Carr
33%
2005 Newcastle United Stephen Carr
33%
2004 Tottenham Hotspur Stephen Carr
33%
2003 Tottenham Hotspur Stephen Carr
33%
2001 Tottenham Hotspur Stephen Carr
33%
2000 Tottenham Hotspur Stephen Carr
33%
2006 Ipswich Town Alan Lee
30%
2004 Cardiff City Alan Lee
30%
2003 Rotherham United Alan Lee
30%
2013 Nottingham Forest Andy Reid
30%
2007 Charlton Athletic Andy Reid
30%
2006 Tottenham Hotspur Andy Reid
30%
2005 Tottenham Hotspur Andy Reid
30%
2004 Nottingham Forest Andy Reid
30%
2003 Nottingham Forest Andy Reid
30%
2023 Rotherham United Chiedozie Ogbene
30%
2022 Rotherham United Chiedozie Ogbene
30%
2021 Rotherham United Chiedozie Ogbene
30%
2018 Bradford City Colin Doyle
30%
2017 Bradford City Colin Doyle
30%
2016 Bradford City Colin Doyle
30%
2007 Birmingham City Colin Doyle
30%
2022 Fulham Cyrus Christie
30%
2021 Fulham Cyrus Christie
30%
2020 Nottingham Forest Cyrus Christie
30%
2019 Fulham Cyrus Christie
30%
2018 Fulham Cyrus Christie
30%
2017 Derby County Cyrus Christie
30%
2016 Derby County Cyrus Christie
30%
2015 Derby County Cyrus Christie
30%
2014 Derby County Cyrus Christie
30%
2020 Blackburn Rovers Derrick Williams
30%
2019 Blackburn Rovers Derrick Williams
30%
2018 Blackburn Rovers Derrick Williams
30%
2017 Colorado Rapids Kevin Doyle
30%
2016 Colorado Rapids Kevin Doyle
30%
2015 Colorado Rapids Kevin Doyle
30%
2014 Crystal Palace Kevin Doyle
30%
2013 Wolverhampton Wanderers Kevin Doyle
30%
2012 Wolverhampton Wanderers Kevin Doyle
30%
2011 Wolverhampton Wanderers Kevin Doyle
30%
2010 Wolverhampton Wanderers Kevin Doyle
30%
2009 Reading Kevin Doyle
30%
2008 Reading Kevin Doyle
30%
2007 Reading Kevin Doyle
30%
2009 Hibernian Liam Miller
30%
2008 Sunderland Liam Miller
30%
2007 Sunderland Liam Miller
30%
2006 Leeds United Liam Miller
30%
2005 Manchester United Liam Miller
30%
2004 Celtic Liam Miller
30%
2022 Bristol City Max O'Leary
30%
2004 Coventry City Michael Doyle
30%
2014 Ipswich Town Paul Green
30%
2013 Leeds United Paul Green
30%
2012 Derby County Paul Green
30%
2011 Derby County Paul Green
30%
2010 Derby County Paul Green
30%
2018 Millwall Shaun Williams
30%
2006 Blackburn Rovers Steven Reid
30%
2005 Blackburn Rovers Steven Reid
30%
2004 Blackburn Rovers Steven Reid
30%
2003 Blackburn Rovers Steven Reid
30%
2002 Millwall Steven Reid
30%
2001 Millwall Steven Reid
30%
2023 Preston North End Alan Browne
27%
2022 Preston North End Alan Browne
27%
2021 Preston North End Alan Browne
27%
2020 Preston North End Alan Browne
27%
2019 Preston North End Alan Browne
27%
2018 Preston North End Alan Browne
27%
2017 Preston North End Alan Browne
27%
2021 Burton Albion Kieran O'Hara
27%
2019 Burton Albion Kieran O'Hara
27%
2018 Manchester United Kieran O'Hara
27%
2008 Everton Lee Carsley
27%
2007 Everton Lee Carsley
27%
2006 Everton Lee Carsley
27%
2003 Everton Lee Carsley
27%
2002 Everton Lee Carsley
27%
2001 Coventry City Lee Carsley
27%
2000 Blackburn Rovers Lee Carsley
27%
2002 Sunderland Phil Babb
27%
2000 Tranmere Rovers Phil Babb
27%
2017 Newcastle United Rob Elliot
27%
2016 Newcastle United Rob Elliot
27%
2015 Newcastle United Rob Elliot
27%
2014 Newcastle United Rob Elliot
27%
2014 Nottingham Forest Simon Cox
27%
2013 Nottingham Forest Simon Cox
27%
2012 West Bromwich Albion Simon Cox
27%
2011 West Bromwich Albion Simon Cox
27%
2008 Blackburn Rovers Steve Reid
27%
2023 Stoke City Will Smallbone
27%
2022 Stoke City Will Smallbone
27%
2008 Ipswich Town Alex Bruce
23%
2007 Ipswich Town Alex Bruce
23%
2023 Norwich City Andrew Omobamidele
23%
2021 Norwich City Andrew Omobamidele
23%
2023 Cardiff City Callum O'Dowda
23%
2022 Cardiff City Callum O'Dowda
23%
2021 Bristol City Callum O'Dowda
23%
2020 Bristol City Callum O'Dowda
23%
2019 Bristol City Callum O'Dowda
23%
2018 Bristol City Callum O'Dowda
23%
2017 Bristol City Callum O'Dowda
23%
2016 Bristol City Callum O'Dowda
23%
2023 Middlesbrough Darragh Lenihan
23%
2022 Blackburn Rovers Darragh Lenihan
23%
2021 Blackburn Rovers Darragh Lenihan
23%
2020 Blackburn Rovers Darragh Lenihan
23%
2018 Blackburn Rovers Darragh Lenihan
23%
2018 Hull City David Meyler
23%
2017 Hull City David Meyler
23%
2016 Hull City David Meyler
23%
2015 Hull City David Meyler
23%
2014 Hull City David Meyler
23%
2013 Hull City David Meyler
23%
2012 Sunderland David Meyler
23%
2008 West Bromwich Albion Dean Kiely
23%
2002 Charlton Athletic Dean Kiely
23%
2000 Charlton Athletic Dean Kiely
23%
2009 Preston North End Eddie Nolan
23%
2006 Sunderland Gary Breen
23%
2004 Sunderland Gary Breen
23%
2003 Sunderland Gary Breen
23%
2002 Coventry City Gary Breen
23%
2001 Coventry City Gary Breen
23%
2000 Coventry City Gary Breen
23%
2012 West Bromwich Albion Keith Andrews
23%
2011 Blackburn Rovers Keith Andrews
23%
2010 Blackburn Rovers Keith Andrews
23%
2009 Blackburn Rovers Keith Andrews
23%
2008 Blackburn Rovers Keith Andrews
23%
2023 Aberdeen Liam Scales
23%
2022 Aberdeen Liam Scales
23%
2021 Celtic Liam Scales
23%
2002 Wolverhampton Wanderers Mark Kennedy
23%
2001 Manchester City Mark Kennedy
23%
2000 Manchester City Mark Kennedy
23%
2005 Charlton Athletic Matt Holland
23%
2004 Charlton Athletic Matt Holland
23%
2003 Charlton Athletic Matt Holland
23%
2002 Ipswich Town Matt Holland
23%
2001 Ipswich Town Matt Holland
23%
2000 Ipswich Town Matt Holland
23%
2023 Burnley Michael Obafemi
23%
2022 Swansea City Michael Obafemi
23%
2018 Southampton Michael Obafemi
23%
2004 Southampton Rory Delap
23%
2003 Southampton Rory Delap
23%
2002 Southampton Rory Delap
23%
2000 Derby County Rory Delap
23%
2013 Leicester City Sean St. Ledger
23%
2012 Leicester City Sean St. Ledger
23%
2011 Leicester City Sean St. Ledger
23%
2010 Preston North End Sean St. Ledger
23%
2009 Preston North End Sean St. Ledger
23%
2005 Sunderland Stephen Elliott
23%
2004 Sunderland Stephen Elliott
23%
2013 Millwall Andy Keogh
20%
2012 Millwall Andy Keogh
20%
2011 Bristol City Andy Keogh
20%
2010 Cardiff City Andy Keogh
20%
2009 Wolverhampton Wanderers Andy Keogh
20%
2008 Wolverhampton Wanderers Andy Keogh
20%
2007 Wolverhampton Wanderers Andy Keogh
20%
2014 Crystal Palace Damien Delaney
20%
2013 Crystal Palace Damien Delaney
20%
2011 Ipswich Town Damien Delaney
20%
2008 Queens Park Rangers Damien Delaney
20%
2013 Toronto Darren O'Dea
20%
2012 Leeds United Darren O'Dea
20%
2011 Ipswich Town Darren O'Dea
20%
2010 Celtic Darren O'Dea
20%
2009 Reading Darren O'Dea
20%
2020 Shamrock Rovers Graham Burke
20%
2018 Shamrock Rovers Graham Burke
20%
2021 Charlton Athletic Harry Arter
20%
2020 Bournemouth Harry Arter
20%
2019 Cardiff City Harry Arter
20%
2018 Bournemouth Harry Arter
20%
2017 Bournemouth Harry Arter
20%
2016 Bournemouth Harry Arter
20%
2015 Bournemouth Harry Arter
20%
2020 Shamrock Rovers Jack Byrne
20%
2019 Shamrock Rovers Jack Byrne
20%
2004 Shelbourne Jason Byrne
20%
2023 West Bromwich Albion Jayson Molumby
20%
2022 West Bromwich Albion Jayson Molumby
20%
2021 West Bromwich Albion Jayson Molumby
20%
2020 Brighton & Hove Albion Jayson Molumby
20%
2017 Aberdeen Jonny Hayes
20%
2016 Aberdeen Jonny Hayes
20%
2011 Portsmouth Liam Lawrence
20%
2010 Stoke City Liam Lawrence
20%
2009 Stoke City Liam Lawrence
20%
2004 West Bromwich Albion Mark Kinsella
20%
2003 Aston Villa Mark Kinsella
20%
2002 Charlton Athletic Mark Kinsella
20%
2001 Charlton Athletic Mark Kinsella
20%
2000 Charlton Athletic Mark Kinsella
20%
2019 Derby County Richard Keogh
20%
2018 Derby County Richard Keogh
20%
2017 Derby County Richard Keogh
20%
2016 Derby County Richard Keogh
20%
2015 Derby County Richard Keogh
20%
2014 Derby County Richard Keogh
20%
2013 Derby County Richard Keogh
20%
2022 Birmingham City Scott Hogan
20%
2019 Stoke City Scott Hogan
20%
2018 Aston Villa Scott Hogan
20%
2017 Aston Villa Scott Hogan
20%
2015 Charlton Athletic Stephen Henderson
20%
2007 Preston North End Wayne Henderson
20%
2006 Brighton & Hove Albion Wayne Henderson
20%
2016 Aberdeen Adam Rooney
17%
2016 Cardiff City Anthony Pilkington
17%
2014 Norwich City Anthony Pilkington
17%
2013 Norwich City Anthony Pilkington
17%
2004 Stoke City Clive Clarke
17%
2003 Sunderland Colin Healy
17%
2002 Celtic Colin Healy
17%
2000 Watford Dominic Foley
17%
2006 Wigan Athletic Graham Kavanagh
17%
2005 Wigan Athletic Graham Kavanagh
17%
2004 Cardiff City Graham Kavanagh
17%
2003 Cardiff City Graham Kavanagh
17%
2011 Wolverhampton Wanderers Kevin Foley
17%
2010 Wolverhampton Wanderers Kevin Foley
17%
2009 Wolverhampton Wanderers Kevin Foley
17%
2021 Tranmere Rovers Lee O'Connor
17%
2019 Celtic Lee O'Connor
17%
2010 Newcastle United Leon Best
17%
2009 Coventry City Leon Best
17%
2023 Bristol City Mark Sykes
17%
2022 Oxford United Mark Sykes
17%
2019 Ipswich Town Alan Judge
13%
2018 Brentford Alan Judge
13%
2016 Brentford Alan Judge
13%
2015 Brentford Alan Judge
13%
2010 St. Johnstone Cillian Sheridan
13%
2022 Blackpool CJ Hamilton
13%
2018 Leeds United Eunan O'Kane
13%
2017 Leeds United Eunan O'Kane
13%
2016 Leeds United Eunan O'Kane
13%
2015 Bournemouth Eunan O'Kane
13%
2022 Derby County Festy Ebosele
13%
2006 Sheffield United Paddy Kenny
13%
2005 Sheffield United Paddy Kenny
13%
2004 Sheffield United Paddy Kenny
13%
2002 Millwall Richard Sadlier
13%
2021 Portsmouth Ronan Curtis
13%
2020 Portsmouth Ronan Curtis
13%
2019 Portsmouth Ronan Curtis
13%
2018 Portsmouth Ronan Curtis
13%
2022 Swansea City Ryan Manning
13%
2021 Swansea City Ryan Manning
13%
2020 Queens Park Rangers Ryan Manning
13%
2020 Preston North End Sean Maguire
13%
2019 Preston North End Sean Maguire
13%
2018 Preston North End Sean Maguire
13%
2017 Preston North End Sean Maguire
13%
2004 Leeds United Stephen McPhail
13%
2003 Nottingham Forest Stephen McPhail
13%
2002 Leeds United Stephen McPhail
13%
2001 Leeds United Stephen McPhail
13%
2000 Leeds United Stephen McPhail
13%
2000 Fulham Terry Phelan
13%
2018 Derby County Alex Pearce
10%
2017 Derby County Alex Pearce
10%
2016 Derby County Alex Pearce
10%
2015 Derby County Alex Pearce
10%
2014 Reading Alex Pearce
10%
2013 Reading Alex Pearce
10%
2012 Reading Alex Pearce
10%
2009 Hull City Caleb Folan
10%
2008 Hull City Caleb Folan
10%
2013 Derby County Conor Sammon
10%
2016 Falkirk Danny Rogers
10%
2008 Wolverhampton Wanderers Darren Potter
10%
2007 Wolverhampton Wanderers Darren Potter
10%
2021 Wycombe Wanderers Daryl Horgan
10%
2020 Wycombe Wanderers Daryl Horgan
10%
2018 Preston North End Daryl Horgan
10%
2017 Preston North End Daryl Horgan
10%
2016 Dundalk Daryl Horgan
10%
2016 Dundalk Gary Rogers
10%
2012 Birmingham City Keith Fahey
10%
2011 Birmingham City Keith Fahey
10%
2010 Birmingham City Keith Fahey
10%
2013 Yeovil Town Paddy Madden
10%
2000 Sunderland Paul Butler
10%
2019 Kristiansund Sean McDermott
10%
2018 Kristiansund Sean McDermott
10%
2017 Birmingham City Stephen Gleeson
10%
2016 Birmingham City Stephen Gleeson
10%
2007 Wolverhampton Wanderers Stephen Gleeson
10%
2002 Sunderland Thomas Butler
10%
2005 Leicester City Alan Maybury
7%
2004 Hearts Alan Maybury
7%
2017 Preston North End Andrew Boyle
7%
2018 Peterborough United Conor O'Malley
7%
2000 Bolton Wanderers Gareth Farrelly
7%
2004 Coventry City Graham Barrett
7%
2002 Arsenal Graham Barrett
7%
2022 Bohemian James Talbot
7%
2021 Bohemian James Talbot
7%
2019 Bohemian James Talbot
7%
2007 Leeds United Jonathan Douglas
7%
2006 Blackburn Rovers Jonathan Douglas
7%
2004 Blackburn Rovers Jonathan Douglas
7%
2004 Manchester City Jon Macken
7%
2011 Preston North End Keith Treacy
7%
2010 Preston North End Keith Treacy
7%
2007 Barnsley Nick Colgan
7%
2004 Stockport County Nick Colgan
7%
2003 Hibernian Nick Colgan
7%
2002 Hibernian Nick Colgan
7%
2000 Tranmere Rovers Alan Mahon
3%
2021 Shamrock Rovers Daniel Mandroiu
3%
2003 Bohemian Glen Crowe
3%
2002 Bohemian Glen Crowe
3%
2007 Baton Rouge Capitals Joe Lapira
3%
2009 Queens Park Rangers Martin Rowlands
3%
2008 Queens Park Rangers Martin Rowlands
3%
2004 Queens Park Rangers Martin Rowlands
3%
2018 Bohemian Shane Supple
3%
2007 Aston Villa Stephen O'Halloran
3%
2018 Ross County Aaron McCarey
0%
2007 Reading Alan Bennett
0%
2016 Manchester City Ian Lawlor
0%
2002 Stockport County Jim Goodwin
0%
2007 Cork City Joe Gamble
0%
2007 Arsenal Joe O'Cearuill
0%
2020 Arsenal Jordan McEneff
0%
No matching quizzes found
Score Distribution
Percent of People with Each Score
Percentile by Number Answered
Your Score History
You have not taken this quiz